Normal view
MARC view
- D.S.S
Entry Personal Name
001 - CONTROL NUMBER
- control field: 43136
003 - CONTROL NUMBER IDENTIFIER
- control field: NUST
005 - DATE AND TIME OF LATEST TRANSACTION
- control field: 20210314132536.0
008 - FIXED-LENGTH DATA ELEMENTS
- fixed length control field: 210314|| aca||aabn | a|a d
040 ## - CATALOGING SOURCE
- Original cataloging agency: NUST
- Transcribing agency: NUST
100 ## - HEADING--PERSONAL NAME
- Personal name: D.S.S
670 ## - SOURCE DATA FOUND
- Source citation: Work cat.: (NUST): D.S.S, Practical design of Steel Structures , 1953
